Statistiques concernant Provinces romaines en France moderne sur une carte

Cliquez ici pour prendre le quiz!

Statistiques générales

  • Ce quiz a été pris 494 fois
  • Le résultat moyen est 4 sur 9

Réponses sur la Carte

Les réponses sont colorées sur une échelle allant du rouge au vert en fonction du pourcentage des utilisateurs qui les ont devinées à leur premier essai. Vous pouvez retrouver ces pourcentages ci-dessous.
 

Statistiques - réponses

Réponse% Correct
Aquitaine
82%
Corse-Sardaigne
82%
Narbonnaise
65%
Belgique
63%
Lyonnaise
60%
Germanie Supérieure
40%
Alpes Maritimes
20%
Alpes Cottiennes
14%
Alpes Pennines
13%

Distribution des résultats

Percentile par nombre de réponses

% des personnes avec chaque résultat

Votre développement - résultats

Vous n’avez pas pris ce quiz